| 000 | 01871nam a22002897a 4500 | ||
|---|---|---|---|
| 001 | 5301 | ||
| 003 | FISKH | ||
| 005 | 20241125115136.0 | ||
| 008 | 241125b cb ||||| |||| 00| 0 eng d | ||
| 020 | _a9780062282712 | ||
| 040 |
_aFISKH _beng _cFISKH _dFISKH |
||
| 050 | _aHQ1421.G39 | ||
| 082 | _a814.6 | ||
| 100 | _aGay, Roxane | ||
| 245 |
_aBad Feminist : _bEssays / _cby Roxane Gay |
||
| 260 |
_aNew York : _bHarper Pernnial ; _c2014 . |
||
| 300 |
_a320 pages : _billustrations ; _c21 cm . |
||
| 505 | _aU | ||
| 520 | _aA collection of essays spanning politics, criticism, and feminism from one of the most-watched young cultural observers of her generation, Roxane Gay. "Pink is my favorite color. I used to say my favorite color was black to be cool, but it is pink, all shades of pink. If I have an accessory, it is probably pink. I read Vogue, and I'm not doing it ironically, though it might seem that way. I once live-tweeted the September issue." In these funny and insightful essays, Roxane Gay takes us through the journey of her evolution as a woman (Sweet Valley High) of color (The Help) while also taking readers on a ride through culture of the last few years (Girls, Django in Chains) and commenting on the state of feminism today (abortion, Chris Brown). The portrait that emerges is not only one of an incredibly insightful woman continually growing to understand herself and our society, but also one of our culture. Bad Feminist is a sharp, funny, and spot-on look at the ways in which the culture we consume becomes who we are, and an inspiring call-to-arms of all the ways we still need to do better. | ||
| 521 | 8 |
_a850
_bLexile estimate |
|
| 521 | 8 |
_aU
_bRaz-Plus |
|
| 650 |
_afeminism _vNon-fiction |
||
| 650 |
_aessays _vNon-fiction |
||
| 700 |
_aArtozqui, Santiago _etranslator |
||
| 942 |
_2ddc _cBK _n0 |
||
| 999 |
_c5301 _d5301 |
||